|
|
|
|
| LEADER |
00000naa a2200000uu 4500 |
| 001 |
vtls011072083 |
| 003 |
SK-MaSNL |
| 005 |
20260302140802.0 |
| 008 |
210908|1995 xo |||||||||||||||||slo| |
| 015 |
|
|
|a SNBRA
|
| 035 |
|
|
|a (urnnbn)urn:nbn:sk:snk:ar-a0cbej
|
| 035 |
|
|
|a (uuid)8794e035-4284-427b-b887-ff84604c6737
|
| 035 |
|
|
|a urn:nbn:sk:snk-aavhnt
|
| 040 |
|
|
|a SNKBUCL
|b slo
|c SNKBUCL
|e AACR2
|
| 041 |
0 |
|
|a slo
|
| 044 |
|
|
|a xo
|c SK
|
| 100 |
1 |
|
|a Frančák, Ján,
|d 1947-
|4 aut
|9 101830
|
| 245 |
1 |
0 |
|a VPLYV ZBEROVEJ TECHNIKY NA POŠKODENIE ZEMIAKOVÝCH HĽÚZ
|c Ján FRANČÁK
|
| 773 |
0 |
|
|t Možnosti uplatnenia progresívnych technológií v systéme ekonomicky a ekologicky únosného poľnohospodárstva
|d Nitra : Vysoká škola poľnohospodárska, 1995
|g S. 11-12
|z 8071372129
|
| 958 |
|
|
|a OND
|
| 958 |
|
|
|a article12
|
| 958 |
|
|
|a chapter
|
| 999 |
|
|
|c 1332391
|d 1334321
|